Zmeny v účtovnom zobrazení opravných položiek a rezerv
Zmeny v účtovnom zobrazení opravných položiek. Zmeny v účtovnom zobrazení tvorby a zúčtovania opravnej položky k odpisovanému dlhodobému majetku a neodpisovanému dlhodobému majetku. Zmeny v účtovnom zobrazení tvorby a zúčtovania opravnej položky k zásobám. Zmeny v účtovnom zobrazení tvorby a zúčtova...
Salvato in:
| Autore principale: | |
|---|---|
| Natura: | Capitolo di libro |
| Lingua: | slovacco |
| Soggetti: | |
| Tags: |
Nessun Tag, puoi essere il primo ad aggiungerne!!
|
MARC
| LEADER | 00000naa$a2200000$$$4500 | ||
|---|---|---|---|
| 001 | 0054942 | ||
| 005 | 20240502071630.0 | ||
| 041 | 0 | |a slo | |
| 044 | |a SK | ||
| 245 | 1 | 0 | |a Zmeny v účtovnom zobrazení opravných položiek a rezerv |c Anna Baštincová |
| 520 | |a Zmeny v účtovnom zobrazení opravných položiek. Zmeny v účtovnom zobrazení tvorby a zúčtovania opravnej položky k odpisovanému dlhodobému majetku a neodpisovanému dlhodobému majetku. Zmeny v účtovnom zobrazení tvorby a zúčtovania opravnej položky k zásobám. Zmeny v účtovnom zobrazení tvorby a zúčtovania opravných položiek k pohľadávkam. Zmeny v účtovnom zobrazení tvorby a zúčtovania opravných položiek k finančnému majetku. Zmeny v účtovnom zobrazení rezerv. | ||
| 610 | 2 | 0 | |a účtovanie |
| 610 | 2 | 0 | |a položky opravné |
| 610 | 2 | 0 | |a rezervy |
| 610 | 2 | 0 | |a zásoby |
| 610 | 2 | 0 | |a pohľadávky |
| 610 | 2 | 0 | |a majetok finančný |
| 100 | 1 | |a Baštincová, Anna | |